El habla popular de la república mexicana : (Registro nro. 63706)
[ vista simple ]
| 000 -LEADER | |
|---|---|
| fixed length control field | 00813nam a2200241 u 4500 |
| 001 - CONTROL NUMBER | |
| control field | 63706 |
| 005 - DATE AND TIME OF LATEST TRANSACTION | |
| control field | 20180714070242.0 |
| 008 - FIXED-LENGTH DATA ELEMENTS--GENERAL INFORMATION | |
| fixed length control field | 151104s1995 mx r 000 0 spa d |
| 020 ## - INTERNATIONAL STANDARD BOOK NUMBER | |
| International Standard Book Number | 9683648193 |
| 041 ## - LANGUAGE CODE | |
| Language code of text/sound track or separate title | spa |
| 082 0# - DEWEY DECIMAL CLASSIFICATION NUMBER | |
| Classification number | 417.2 |
| Item number | LOP |
| 100 1# - MAIN ENTRY--PERSONAL NAME | |
| Personal name | Lope Blanch, Juan M. |
| Relator term | autor |
| 245 13 - TITLE STATEMENT | |
| Title | El habla popular de la república mexicana : |
| Remainder of title | materiales para su estudio / |
| Statement of responsibility, etc. | Juan M. Lope Blanch. |
| 250 ## - EDITION STATEMENT | |
| Edition statement | Primera edición |
| 264 #1 - PRODUCTION, PUBLICATION, DISTRIBUTION, MANUFACTURE, AND COPYRIGHT NOTICE | |
| Place of production, publication, distribution, manufacture | México : |
| Name of producer, publisher, distributor, manufacturer | Universidad Nacional Autónoma de México, |
| Date of production, publication, distribution, manufacture, or copyright notice | 1995 |
| 300 ## - PHYSICAL DESCRIPTION | |
| Extent | 691 páginas ; |
| Dimensions | 22 cm. |
| 336 ## - CONTENT TYPE | |
| Content type term | texto |
| Source | rdacontent |
| 337 ## - MEDIA TYPE | |
| Media type term | sin mediación |
| Source | rdamedia |
| 338 ## - CARRIER TYPE | |
| Carrier type term | volumen |
| Source | rdacarrier |
| 490 0# - SERIES STATEMENT | |
| Series statement | Centro de Lingüística Hispánica |
| Volume/sequential designation | 43 |
| 650 #4 - SUBJECT ADDED ENTRY--TOPICAL TERM | |
| Topical term or geographic name entry element | Dialectología |
| General subdivision | Estudio |
| 650 #4 - SUBJECT ADDED ENTRY--TOPICAL TERM | |
| Topical term or geographic name entry element | Geografía lingüística |
| Geographic subdivision | México |
| Withdrawn status | Lost status | Source of classification or shelving scheme | Damaged status | Not for loan | Collection code | Home library | Current library | Shelving location | Date acquired | Source of acquisition | Inventory number | Total Checkouts | Full call number | Barcode | Date last seen | Price effective from | Koha item type |
|---|---|---|---|---|---|---|---|---|---|---|---|---|---|---|---|---|---|
| Dewey Decimal Classification | General | Biblioteca Karol Wojtyla | Biblioteca Karol Wojtyla | Sala general | 26/11/2015 | Compra | 151000000000000000042270 | 417.2 LOP 1995 | 91951 | 05/01/2026 | 26/11/2015 | Libro | |||||
| Dewey Decimal Classification | General | Biblioteca Karol Wojtyla | Biblioteca Karol Wojtyla | Sala general | 10/11/2015 | Compra | 151000000000000000042327 | 417.2 LOP 1995 | 91961 | 05/01/2026 | 10/11/2015 | Libro |